Sports Quiz

Random Sports or NFL Quiz

NFL Starting QBs (Arizona Cardinals) Quiz Stats

 Plays Quiz Updated Jan 1, 2019

Challenge
Share
Tweet
Embed
Score 0/19 Timer 04:00
0 Plays Today
Starts Player % Correct
57Kurt Warner
93.2%
60Carson Palmer
91.3%
13Josh Rosen
83.3%
17Matt Leinart
62.7%
3Sam Bradford
62.7%
57Jake Plummer
61.6%
13Drew Stanton
51.1%
17John Skelton
46%
14Kevin Kolb
39.7%
22Josh McCown
32.5%
Starts Player % Correct
5Blaine Gabbert
30.5%
9Derek Anderson
29.6%
6Ryan Lindley
26.3%
3Max Hall
18.3%
13Jeff Blake
17.5%
1Brian Hoyer
12.2%
2Shaun King
11.4%
6Dave M. Brown
10.3%
1John Navarre
8.2%

You're not logged in!

Compare scores with friends on all Sporcle quizzes.
OR
Log In

You Might Also Like...

Show Comments

Extras

Top Quizzes Today


Score Distribution

Your Account Isn't Verified!

In order to create a playlist on Sporcle, you need to verify the email address you used during registration. Go to your Sporcle Settings to finish the process.

Report this User

Report this user for behavior that violates our Community Guidelines.

Details: